Statistics for Car Logos Quiz #2

Click here to take the quiz!

General Stats

  • This quiz has been taken 102 times
  • The average score is 10 of 12

Answer Stats

Answer% Correct
Honda
97%
Jaguar
97%
Lexus
95%
Mazda
92%
Dodge
88%
Bentley
87%
Peugeot
84%
Skoda
82%
Maserati
80%
Citroen
79%
Corvette
74%
Wuling
21%

Score Distribution

Percentile by Number Answered

Percent of People with Each Score

Your Score History

You have not taken this quiz